[Event "AUTO-MASTER-603"]
[Site "http://www.queenalice.com/game.php?id=458480"]
[Date "2008.9.5"]
[Round "1"]
[White "Leonic"]
[Black "SirKnight"]
[Result "1/2-1/2"]
[WhiteElo "1985"]
[BlackElo "2126"]

1. e4 e5 2. Nf3 Nc6 3. Bb5 Nf6 4. O-O Bc5 5. c3 O-O 6. d4 Bb6 7. Bg5 h6 8. Bh4
d6 9. Qd3 Qe7 10. Nbd2 Bd7 11. a4 a6 12. Bxc6 Bxc6 13. Rfe1 Rad8 14. Nf1 Kh8 15.
a5 Ba7 16. Ne3 g5 17. Nxg5 hxg5 18. Nf5 Qe8 19. Bxg5 Nh7 20. Re3 Nxg5 21. Rh3+
Kg8 22. Nh6+ Kg7 23. Nf5+ Kg8 24. Nh6+ Kg7 25. Nf5+ 1/2-1/2

[Event "AUTO-MASTER-603"]
[Site "http://www.queenalice.com/game.php?id=458481"]
[Date "2008.9.5"]
[Round "1"]
[White "SirKnight"]
[Black "Leonic"]
[Result "1/2-1/2"]
[WhiteElo "2079"]
[BlackElo "1988"]

1. e4 c6 2. d4 d5 3. Nc3 dxe4 4. Nxe4 Bf5 5. Ng3 Bg6 6. h4 h6 7. Nf3 e6 8. Ne5
Bh7 9. Bd3 Bxd3 10. Qxd3 Nd7 11. Bf4 Ngf6 12. O-O-O Qa5 13. Kb1 Be7 14. Nc4 Qb5
15. Bd6 Nb6 16. Nxb6 Qxb6 17. Bxe7 Kxe7 18. Rhe1 Kd7 19. Ne4 Nxe4 20. Qxe4 Kc8
21. Qe5 Rg8 22. Re3 Qc7 23. Qe4 b6 24. Rc3 Kb7 25. d5 exd5 26. Qf3 Rad8 27. a3
Rge8 28. Rcd3 Re6 29. c4 Rf6 30. Qe3 Re6 31. Qd2 Red6 32. Qb4 c5 33. Qb3 d4 34.
Qc2 1/2-1/2

[Event "AUTO-MASTER-603"]
[Site "http://www.queenalice.com/game.php?id=458482"]
[Date "2008.9.5"]
[Round "1"]
[White "Leonic"]
[Black "Jorac"]
[Result "1-0"]
[WhiteElo "2028"]
[BlackElo "1923"]

1. e4 d5 2. exd5 Nf6 3. d4 Nxd5 4. Nf3 Nc6 5. Bb5 Bd7 6. O-O g6 7. c4 Nf6 8. d5
Nb8 9. Bxd7+ Nbxd7 10. Nc3 Bg7 11. Bg5 O-O 12. Qd2 Nc5 13. Rfe1 Re8 14. Rad1 Qc8
15. Qf4 Nh5 16. Qh4 f6 17. Be3 Nd7 18. g4 Nb6 19. Bxb6 cxb6 20. gxh5 g5 21. Qe4
a6 22. Nd4 Qd7 23. Ne6 Rac8 24. Rd3 b5 25. b3 bxc4 26. bxc4 b6 27. Rg3 Kh8 28.
h4 gxh4 29. Rxg7 1-0

[Event "AUTO-MASTER-603"]
[Site "http://www.queenalice.com/game.php?id=458483"]
[Date "2008.9.5"]
[Round "1"]
[White "Jorac"]
[Black "Leonic"]
[Result "0-1"]
[WhiteElo "1936"]
[BlackElo "2015"]

1. e4 c6 2. Nf3 d5 3. exd5 cxd5 4. d4 Nf6 5. Nc3 Nc6 6. Be2 Bg4 7. O-O e6 8. Re1
Bd6 9. Ne5 Bf5 10. Bb5 Rc8 11. h3 O-O 12. Bg5 Be7 13. g4 Bg6 14. a3 Nxe5 15.
dxe5 Ne4 16. Bxe7 Qxe7 17. Nxe4 Bxe4 18. c3 f5 19. Be2 Qh4 20. Bf3 Qxh3 21. Rxe4
fxe4 22. Bg2 Qh4 23. Qe2 Rf4 24. Qe3 Rxg4 25. Kf1 Rf8 26. Rd1 Rxg2 27. Kxg2 Qg4+
0-1

[Event "AUTO-INT-989"]
[Site "http://www.queenalice.com/game.php?id=474613"]
[Date "2008.10.8"]
[Round "2"]
[White "allvaro"]
[Black "Leonic"]
[Result "0-1"]
[WhiteElo "1548"]
[BlackElo "2080"]

1. d4 d5 2. h3 Nf6 3. Nc3 Nc6 4. e3 e5 5. Bb5 e4 6. a3 Bd6 7. f4 exf3 8. Qxf3
O-O 9. Nge2 Ne7 10. e4 dxe4 11. Nxe4 Nxe4 12. Qxe4 Bf5 13. Qf3 Bxc2 14. Bg5 c6
15. Bc4 Qa5+ 16. Bd2 Qf5 17. Rc1 Qxf3 18. gxf3 Bg6 19. Be3 Nf5 20. Bf4 Rfe8 21.
Bxd6 Nxd6 22. b3 Nxc4 23. bxc4 Bd3 24. Rh2 Rad8 25. Kd1 Bxe2+ 26. Rxe2 Rxd4+ 27.
Ke1 Kf8 28. Rc2 Rd3 29. Re4 Rxf3 30. Rce2 Rxe4 31. Rxe4 Rxh3 32. a4 f5 33. Re5
g6 34. Kf2 Rh4 35. Rc5 Re4 36. a5 Re6 37. a6 b6 38. Kf3 bxc5 39. Kg3 Re4 40. Kf3
Rxc4 0-1

[Event "AUTO-INT-989"]
[Site "http://www.queenalice.com/game.php?id=474614"]
[Date "2008.10.8"]
[Round "2"]
[White "Leonic"]
[Black "allvaro"]
[Result "1-0"]
[WhiteElo "1988"]
[BlackElo "1547"]

1. e4 e5 2. Nf3 d6 3. d4 Bg4 4. dxe5 h6 5. exd6 cxd6 6. Bb5+ Bd7 7. Bc4 Nf6 8.
O-O Nxe4 9. Qd5 Qe7 10. Re1 Bc6 11. Bb5 a6 12. Rxe4 Kd8 13. Bxc6 bxc6 14. Rxe7
cxd5 15. Rxf7 Nd7 16. Nc3 Nf6 17. Bf4 Ke8 18. Rb7 Be7 19. Re1 Ne4 20. Nxd5 Kf7
21. Rxe7+ Kg8 22. R1xe4 Rf8 23. Rd7 Rh7 24. Bxd6 Rc8 25. g3 h5 26. Ree7 Kh8 27.
Ng5 Rxc2 28. Rd8# 1-0

[Event "AUTO-OPEN-1164"]
[Site "http://www.queenalice.com/game.php?id=501008"]
[Date "2008.12.1"]
[Round "2"]
[White "dillinger916"]
[Black "Leonic"]
[Result "0-1"]
[WhiteElo "1951"]
[BlackElo "2040"]

1. e4 Nf6 2. e5 Nd5 3. c4 Nb6 4. Nc3 d6 5. exd6 cxd6 6. d4 g6 7. f4 Bg7 8. h3
O-O 9. Nf3 Bf5 10. b3 Nc6 11. g4 Bd7 12. Bb2 e5 13. dxe5 dxe5 14. Qd2 e4 15. Ng1
e3 16. Qd6 Qh4+ 17. Kd1 Rad8 18. Kc1 Bxg4 0-1

[Event "AUTO-OPEN-1164"]
[Site "http://www.queenalice.com/game.php?id=501009"]
[Date "2008.12.1"]
[Round "2"]
[White "Leonic"]
[Black "dillinger916"]
[Result "1-0"]
[WhiteElo "2069"]
[BlackElo "1938"]

1. e4 e5 2. f4 Nc6 3. Nc3 exf4 4. Nf3 d6 5. d4 Nf6 6. Bxf4 Be7 7. Be2 Bg4 8. O-O
Qd7 9. Qd2 a6 10. Rad1 O-O-O 11. d5 Nb8 12. b4 Nxe4 13. Nxe4 Qa4 14. c4 Nd7 15.
Rb1 Nb6 16. b5 Nxc4 17. Bxc4 Qxc4 18. Rb4 1-0

[Event "Challenge"]
[Site "http://www.queenalice.com/game.php?id=513203"]
[Date "2008.12.27"]
[Round "-"]
[White "koutouzov"]
[Black "Leonic"]
[Result "0-1"]
[WhiteElo "1861"]
[BlackElo "2065"]

1. e4 Nf6 2. e5 Nd5 3. c4 Nb6 4. c5 Nd5 5. d4 d6 6. cxd6 exd6 7. Nf3 Bg4 8. Qb3
Nb6 9. Ng5 Qd7 10. Bd3 Nc6 11. Qc3 dxe5 12. a3 exd4 0-1

[Event "AUTO-OPEN-1163"]
[Site "http://www.queenalice.com/game.php?id=514020"]
[Date "2008.12.29"]
[Round "2"]
[White "Leonic"]
[Black "frankcasadio"]
[Result "1-0"]
[WhiteElo "2073"]
[BlackElo "1888"]

1. e4 e5 2. Nf3 Nc6 3. Bb5 Bc5 4. d3 Nf6 5. O-O d6 6. Bg5 h6 7. Bh4 Bd7 8. c3 a6
9. Ba4 b5 10. Bb3 Bg4 11. Nbd2 g5 12. Bg3 Qd7 13. Re1 h5 14. h4 Nh7 15. Bd5
O-O-O 16. a4 b4 17. a5 Rdg8 18. Qa4 Kb7 19. cxb4 Ba7 20. b5 axb5 21. Qxb5+ Kc8
22. Bxc6 Bxf2+ 23. Bxf2 Qe6 24. a6 Kd8 25. a7 Ke7 26. a8=Q Rxa8 27. Rxa8 Rxa8
28. Bxa8 Bxf3 29. Nxf3 Qg4 30. Nxe5 dxe5 31. Qxe5+ Qe6 32. Qxc7+ Kf6 33. Bd5 Qe7
34. Bd4+ 1-0

[Event "AUTO-OPEN-1163"]
[Site "http://www.queenalice.com/game.php?id=514021"]
[Date "2008.12.29"]
[Round "2"]
[White "frankcasadio"]
[Black "Leonic"]
[Result "1-0"]
[WhiteElo "1894"]
[BlackElo "2055"]

1. e4 c6 2. Bc4 d5 3. exd5 cxd5 4. Bb3 Nf6 5. Qf3 Bg4 6. Qf4 e6 7. Qa4+ Nbd7 8.
f3 Bf5 9. Na3 Be7 10. d3 O-O 11. Nh3 Nc5 12. Qh4 Nfe4 13. Qh5 Qa5+ 14. Ke2 Nf6
15. Qh4 Nxb3 16. axb3 Rac8 17. Bd2 Qc7 18. g4 Nxg4 19. Bg5 Bxa3 20. fxg4 Qxc2+
21. Ke1 Bb4+ 22. Kf1 Bxd3+ 23. Kg1 Qxb2 24. Rf1 Bxf1 25. Nf2 Be2 26. Kg2 Qxb3
27. Rf1 Qf3+ 28. Kg1 Bxf1 29. Qg3 Qxg3+ 30. hxg3 1-0

[Event "AUTO-MASTER-603"]
[Site "http://www.queenalice.com/game.php?id=557250"]
[Date "2009.3.17"]
[Round "2"]
[White "hjspinosa"]
[Black "Leonic"]
[Result "1-0"]
[WhiteElo "2131"]
[BlackElo "1934"]

1. e4 c5 2. Nf3 g6 3. d4 cxd4 4. Qxd4 Nf6 5. e5 Nc6 6. Qc3 Nd5 7. Qb3 Nc7 8. Bc4
e6 9. Qe3 d5 10. exd6 Qxd6 11. O-O Nd5 12. Bxd5 Qxd5 13. Nc3 1-0

[Event "AUTO-MASTER-603"]
[Site "http://www.queenalice.com/game.php?id=557251"]
[Date "2009.3.17"]
[Round "2"]
[White "Leonic"]
[Black "hjspinosa"]
[Result "0-1"]
[WhiteElo "1943"]
[BlackElo "2124"]

1. c4 c5 2. Nf3 Nc6 3. Nc3 Nf6 4. g3 d5 5. cxd5 Nxd5 6. Bg2 Nc7 7. O-O e5 8. d3
Be7 9. b3 O-O 10. Bb2 Ne6 11. Rc1 f6 12. Ne4 b6 0-1